[Event "SWE-ch TT 199596"]
[Site "SWE"]
[Date "1996.??.??"]
[Round "?"]
[White "Wikner, Arvid"]
[Black "Ekstroem, Roland"]
[Result "1/2-1/2"]
[WhiteElo "2295"]
[BlackElo "2415"]
[PlyCount "38"]
[EventDate "1995.??.??"]
[EventType "team"]
[EventRounds "9"]
[EventCountry "SWE"]
[Source "Fruth,M"]
[SourceDate "2003.05.15"]

1. e4 e5 2. Nf3 Nc6 3. d4 exd4 4. Bc4 Nf6 5. O-O Nxe4 6. Re1 d5 7. Bxd5 Qxd5 8.
Nc3 Qa5 9. Nxe4 Be6 10. Neg5 O-O-O 11. Nxe6 fxe6 12. Rxe6 Qd5 13. Qe2 h6 14.
Bd2 Bd6 15. a3 Rhf8 16. Re1 Qf5 17. b4 a6 18. Bc1 Qd5 19. Qe4 Qxe4 1/2-1/2

[Event "Stockholm B IT"]
[Site "Stockholm"]
[Date "1995.??.??"]
[Round "4"]
[White "Couso, Luis"]
[Black "Krivonosov, Oleg"]
[Result "0-1"]
[WhiteElo "2335"]
[BlackElo "2415"]
[PlyCount "76"]
[EventDate "1995.??.??"]
[EventType "tourn"]
[EventRounds "11"]
[EventCountry "SWE"]
[EventCategory "4"]
[Source "Fruth,M"]
[SourceDate "2003.05.15"]

1. e4 e5 2. Nf3 Nc6 3. Bc4 Nf6 4. d4 exd4 5. O-O Nxe4 6. Re1 d5 7. Bxd5 Qxd5 8.
Nc3 Qa5 9. Nxe4 Be6 10. Neg5 O-O-O 11. Nxe6 fxe6 12. Rxe6 Bd6 13. Qe2 Qh5 14.
h3 Rhe8 15. Qe4 Ne5 16. g4 Nxf3+ 17. Qxf3 Qc5 18. Qe2 Kd7 19. Re4 Rxe4 20. Qxe4
Re8 21. b4 Rxe4 22. bxc5 Re1+ 23. Kg2 Bxc5 24. Bb2 Rxa1 25. Bxa1 Ke6 26. f4 Kd5
27. Kf3 g6 28. Bb2 Be7 29. Bc1 c5 30. g5 c4 31. h4 Bb4 32. f5 gxf5 33. h5 Ke6
34. a4 b6 35. Bf4 a6 36. Ke2 b5 37. axb5 axb5 38. Kd1 Bc3 0-1

[Event "Liechtenstein op"]
[Site "Liechtenstein"]
[Date "1995.??.??"]
[Round "9"]
[White "Grabher, Heinz"]
[Black "Karl, Hans"]
[Result "1-0"]
[WhiteElo "2265"]
[BlackElo "2270"]
[PlyCount "69"]
[EventDate "1995.05.??"]
[EventType "swiss"]
[EventRounds "9"]
[EventCountry "LIE"]
[Source "Fruth,M"]
[SourceDate "2003.05.15"]

1. e4 e5 2. Nf3 Nc6 3. Bc4 Nf6 4. d4 exd4 5. O-O Nxe4 6. Re1 d5 7. Bxd5 Qxd5 8.
Nc3 Qh5 9. Nxe4 Be6 10. Bg5 h6 11. Bf6 Qd5 12. Qd3 Ne7 13. Bxd4 O-O-O 14. Qc3
Nc6 15. Bxg7 Bb4 16. Qe3 Bxe1 17. Rxe1 Qxa2 18. Bxh8 Rxh8 19. Qc3 Rd8 20. b3
Qa3 21. Qf6 Qf8 22. h4 a5 23. Ng3 Qc5 24. Ne5 Nxe5 25. Rxe5 Qxc2 26. Rxa5 Qd1+
27. Kh2 Kb8 28. b4 Qd4 29. Qe7 b6 30. Ra3 Qd6 31. Qf6 Rg8 32. Qa1 Bd5 33. Qd4
Be6 34. Qa1 Qd5 35. Qf6 {Und am 64.Zug 1:0} 1-0

[Event "La Coruna TH op"]
[Site "La Coruna"]
[Date "1995.??.??"]
[Round "2"]
[White "Gonzalez Diaz, Diego"]
[Black "Todorcevic, Miodrag"]
[Result "0-1"]
[WhiteElo "2250"]
[BlackElo "2465"]
[PlyCount "110"]
[EventDate "1995.07.??"]
[EventType "swiss"]
[EventRounds "9"]
[EventCountry "ESP"]
[Source "Fruth,M"]
[SourceDate "2003.05.15"]

1. e4 e5 2. Nf3 Nc6 3. d4 exd4 4. Bc4 Nf6 5. O-O Nxe4 6. Re1 d5 7. Bxd5 Qxd5 8.
Nc3 Qa5 9. Nxe4 Be6 10. Bd2 Qb6 11. Bg5 h6 12. Bh4 Be7 13. Bxe7 Kxe7 14. Qd2
Rad8 15. Rad1 Kd7 16. a3 Kc8 17. b4 Qb5 18. Nc5 Qc4 19. Ne5 Nxe5 20. Rxe5 b6
21. Nxe6 fxe6 22. Re4 Kb8 23. Rxd4 Rxd4 24. Qxd4 Qxc2 25. Rd2 e5 26. Qd7 Qc3
27. Rd1 e4 28. Qe7 Rc8 29. Qxe4 Qxa3 30. h4 Qa4 31. Rd4 Qe8 32. Qf3 Qe7 33. Re4
Qd7 34. Qe2 Rd8 35. Kh2 Qd1 36. Qe3 a6 37. Re8 Rxe8 38. Qxe8+ Ka7 39. g3 Qd4
40. Qf7 Qc3 41. Qf4 a5 42. b5 Qc5 43. Kg1 Kb8 44. Qf7 Qe5 45. Qf8+ Kb7 46. Qf3+
Ka7 47. Qb3 Qe1+ 48. Kg2 Qe4+ 49. f3 Qd4 50. Qf7 Kb7 51. Qe8 Qc4 52. f4 a4 53.
Qh5 Qe4+ 54. Kf2 a3 55. Qf7 Qc2+ 0-1

[Event "AUT-ch TT 2O 199697"]
[Site "AUT"]
[Date "1996.??.??"]
[Round "7"]
[White "Pingitzer, Harald"]
[Black "Baumgartner, Heinz"]
[Result "1/2-1/2"]
[WhiteElo "2255"]
[BlackElo "2265"]
[PlyCount "90"]
[EventDate "1996.??.??"]
[EventType "team"]
[EventCountry "AUT"]
[Source "Fruth,M"]
[SourceDate "2003.05.15"]

1. e4 e5 2. Nf3 Nc6 3. d4 exd4 4. Bc4 Nf6 5. O-O Nxe4 6. Re1 d5 7. Bxd5 Qxd5 8.
Nc3 Qa5 9. Nxe4 Be6 10. Bd2 Bb4 11. Nxd4 Nxd4 12. c3 Be7 13. cxd4 Qd5 14. Bb4
Bxb4 15. Qa4+ Qc6 16. Qxb4 O-O-O 17. Nc5 Bd5 18. Rac1 Qd6 19. Nd3 Qxb4 20. Nxb4
Rd7 21. Nxd5 Rxd5 22. Re7 Rd7 23. Rce1 c6 24. g4 Kd8 25. R7e4 h5 26. g5 h4 27.
Kg2 Rh5 28. f4 f6 29. Kh3 fxg5 30. f5 Rh6 31. Kg4 Rhd6 32. Kxg5 Rxd4 33. Kxh4
Rxe4+ 34. Rxe4 Rd2 35. Rb4 b5 36. Kg3 Ke7 37. a4 a6 38. Re4+ Kf7 39. Re6 Rc2
40. axb5 axb5 41. b4 Rc4 42. h4 Rxb4 43. Rxc6 Rd4 44. h5 b4 45. h6 gxh6 1/2-1/2

[Event "Klatovy op"]
[Site "Klatovy"]
[Date "1996.??.??"]
[Round "?"]
[White "Vodicka, Vladimir"]
[Black "Juricek, Stanislav"]
[Result "1-0"]
[WhiteElo "2340"]
[BlackElo "2255"]
[PlyCount "81"]
[EventDate "1996.??.??"]
[EventType "swiss"]
[EventRounds "9"]
[EventCountry "CZE"]
[Source "Fruth,M"]
[SourceDate "2003.05.15"]

1. e4 e5 2. Nf3 Nc6 3. d4 exd4 4. Bc4 Nf6 5. O-O Nxe4 6. Re1 d5 7. Bxd5 Qxd5 8.
Nc3 Qa5 9. Nxe4 Be6 10. Neg5 O-O-O 11. Nxe6 fxe6 12. Rxe6 Bd6 13. Bg5 Rdf8 14.
Qe2 a6 15. a3 Kb8 16. b4 Qd5 17. Qe4 Qc4 18. Qe2 Qd5 19. Bh4 Rxf3 20. gxf3 Ne5
21. Rxe5 Bxe5 22. Re1 Bf6 23. Bg3 Rd8 24. Qd3 h6 25. a4 Qc6 26. b5 Qc3 27. Qxc3
dxc3 28. b6 Kc8 29. bxc7 Rg8 30. Re6 Kd7 31. Rd6+ Kc8 32. Kf1 Rf8 33. Ke2 Rf7
34. Re6 Re7 35. Re4 b6 36. Bd6 Rxc7 37. Bxc7 Kxc7 38. Re6 Kb7 39. Kd3 Kc7 40.
a5 bxa5 41. Rxa6 1-0

[Event "Magno Mercenarios T 9"]
[Site "MEX"]
[Date "1996.??.??"]
[Round "?"]
[White "Ocampo Vargas, Raul"]
[Black "Calderin, Roberto"]
[Result "1-0"]
[WhiteElo "2265"]
[BlackElo "2435"]
[PlyCount "81"]
[EventDate "1996.??.??"]
[EventType "tourn"]
[EventRounds "11"]
[EventCountry "MEX"]
[EventCategory "6"]
[Source "Fruth,M"]
[SourceDate "2003.05.15"]

1. e4 e5 2. Nf3 Nc6 3. d4 exd4 4. Bc4 Nf6 5. O-O Nxe4 6. Re1 d5 7. Bxd5 Qxd5 8.
Nc3 Qa5 9. Nxe4 Be6 10. Bd2 Qd5 11. Bg5 Bc5 12. c4 Qxc4 13. Rc1 Qxa2 14. Nxc5
O-O 15. Nxd4 Qxb2 16. Ndxe6 fxe6 17. Re2 Qb5 18. Nxe6 Rf7 19. Rc5 Qb4 20. Bd2
Rd7 21. Qc2 Qg4 22. f3 Nd4 23. fxg4 Nxc2 24. Rxc2 Re8 25. Bf4 c6 26. Nc5 Rd1+
27. Kf2 Rf8 28. Ne6 Rf7 29. Rcd2 Rxd2 30. Rxd2 h6 31. g5 Kh7 32. gxh6 gxh6 33.
Rd7 Rxd7 34. Nf8+ Kg7 35. Nxd7 h5 36. Be3 a5 37. Bb6 a4 38. Nc5 a3 39. Nxb7 a2
40. Bd4+ Kf7 41. Nc5 1-0

[Event "Palic"]
[Site "Palic"]
[Date "1996.??.??"]
[Round "?"]
[White "Karaklajic, Nikola"]
[Black "Jovanovic, Sanja"]
[Result "0-1"]
[WhiteElo "2395"]
[BlackElo "2255"]
[PlyCount "68"]
[EventDate "1996.??.??"]
[Source "Fruth,M"]
[SourceDate "2003.05.15"]

1. e4 e5 2. Nf3 Nc6 3. Bc4 Nf6 4. d4 exd4 5. O-O Nxe4 6. Re1 d5 7. Bxd5 Qxd5 8.
Nc3 Qh5 9. Nxe4 Be6 10. Bg5 Bd6 11. Bf6 Bxh2+ 12. Nxh2 Qxd1 13. Raxd1 gxf6 14.
Nxf6+ Kf8 15. Nf3 Rd8 16. Ng5 Bf5 17. Rd2 Kg7 18. Nge4 h5 19. f3 Rh6 20. g4
hxg4 21. fxg4 Bxe4 22. Nxe4 Ne5 23. Kg2 Rdh8 24. Rxd4 Rh2+ 25. Kg3 R8h3+ 26.
Kf4 Nf3 27. Red1 Nxd4 28. Rxd4 Rxc2 29. Rd7 Rxb2 30. Rxc7 Rb4 31. Re7 Ra3 32.
Kg5 Ra5+ 33. Kf4 Rxa2 34. Kf3 Ra3+ 0-1

[Event "RUS-ch sfin"]
[Site "Ekaterinburg"]
[Date "1996.??.??"]
[Round "?"]
[White "Skatchkov, Pavel"]
[Black "Yandemirov, Valeri"]
[Result "1/2-1/2"]
[WhiteElo "2295"]
[BlackElo "2430"]
[PlyCount "108"]
[EventDate "1996.??.??"]
[EventType "swiss"]
[EventRounds "10"]
[EventCountry "RUS"]
[Source "Fruth,M"]
[SourceDate "2003.05.15"]

1. e4 e5 2. d4 exd4 3. Bc4 Nf6 4. Nf3 Nc6 5. O-O Nxe4 6. Re1 d5 7. Bxd5 Qxd5 8.
Nc3 Qa5 9. Nxe4 Be6 10. Bd2 Qa4 11. b3 Qa3 12. Bc1 Qa5 13. Bd2 Qf5 14. Bg5 Bb4
15. Nxd4 Nxd4 16. Qxd4 Bxe1 17. Qxg7 Qxe4 18. Qxh8+ Kd7 19. Qxa8 Bxf2+ 20. Kxf2
Qd4+ 21. Be3 Qf6+ 22. Ke2 Qxa1 23. Qxa7 Qc3 24. Qa4+ Qc6 25. Qd4+ Qd5 26. g3
Qxd4 27. Bxd4 b6 28. Be5 c5 29. c4 Kc6 30. a4 Bf5 31. Kd2 Bg4 32. Kc3 Bd1 33.
Bf4 Kb7 34. Bd6 Kc6 35. Bf8 Bg4 36. Be7 Be6 37. b4 cxb4+ 38. Kxb4 Bg4 39. Bd8
Be6 40. Bf6 Bg4 41. Bd4 Be6 42. c5 bxc5+ 43. Bxc5 Kb7 44. a5 Ka6 45. Bb6 h5 46.
Kc5 Kb7 47. Kd6 Bg4 48. Ke5 Be6 49. Kf6 Ka6 50. Kg5 Bg4 51. Kh4 Kb7 52. Be3 Ka6
53. Kg5 Kb7 54. Kf6 Be6 1/2-1/2

[Event "Bayern-ch TT Oberliga 199697"]
[Site "Bayern"]
[Date "1997.??.??"]
[Round "?"]
[White "Reich, Thomas"]
[Black "Dobosz, Henryk"]
[Result "1-0"]
[WhiteElo "2365"]
[BlackElo "2375"]
[PlyCount "38"]
[EventDate "1996.10.15"]
[EventType "team"]
[EventRounds "9"]
[EventCountry "GER"]
[Source "Fruth,M"]
[SourceDate "2003.05.15"]

1. e4 e5 2. Nf3 Nc6 3. Bc4 Nf6 4. d4 exd4 5. O-O Nxe4 6. Re1 d5 7. Bxd5 Qxd5 8.
Nc3 Qf5 9. Nxe4 Be6 10. Nxd4 Nxd4 11. Qxd4 Be7 12. Bg5 f6 13. Ng3 Qxg5 14. Rxe6
Kf8 15. Qd7 Bd6 16. Ne4 Qh5 17. Nxd6 cxd6 18. Rae1 h6 19. Qxb7 Rd8 1-0

[Event "Arnold mem"]
[Site "Gausdal"]
[Date "1997.??.??"]
[Round "8"]
[White "Engelbert, Christoph"]
[Black "Westerinen, Heikki MJ"]
[Result "0-1"]
[WhiteElo "2265"]
[BlackElo "2410"]
[PlyCount "114"]
[EventDate "1997.??.??"]
[EventType "swiss"]
[EventRounds "9"]
[EventCountry "NOR"]
[Source "Fruth,M"]
[SourceDate "2003.05.15"]

1. e4 e5 2. Nf3 Nc6 3. Bc4 Nf6 4. d4 exd4 5. O-O Nxe4 6. Re1 d5 7. Bxd5 Qxd5 8.
Nc3 Qa5 9. Nxe4 Be6 10. Neg5 O-O-O 11. Nxe6 fxe6 12. Rxe6 Bd6 13. Bg5 Rdf8 14.
Qe2 h6 15. Bh4 g5 16. Bg3 Bxg3 17. hxg3 Rd8 18. Qe4 Qd5 19. Qxd5 Rxd5 20. Rd1
g4 21. Nh4 h5 22. Ng6 Rhd8 23. Rxc6 bxc6 24. Ne7+ Kb7 25. Nxd5 Rxd5 26. f4 c5
27. Kf2 c4 28. Ke2 Kc6 29. Kd2 Ra5 30. Ra1 Kd5 31. a4 Ke4 32. Re1+ Kf5 33. Re7
Rc5 34. c3 d3 35. Rh7 Ke6 36. Rh8 Ra5 37. Ke3 Kf6 38. Rh7 Rc5 39. Rd7 Rc6 40.
Kd4 Ke6 41. Rd8 Rb6 42. Kxc4 Rxb2 43. Rxd3 Rxg2 44. Re3+ Kf6 45. a5 Rf2 46. Kd4
h4 47. gxh4 Rxf4+ 48. Kd5 Rf5+ 49. Kc6 Rxa5 50. Kxc7 Kf5 51. Kd6 Kf4 52. Re7 g3
53. Rg7 Kf3 54. c4 g2 55. c5 Ra1 56. c6 g1=Q 57. Rxg1 Rxg1 0-1

[Event "Catalunya-ch TT"]
[Site "ESP"]
[Date "1997.??.??"]
[Round "6"]
[White "Beltran Rueda, Santiago"]
[Black "Granados Gomez, Manuel"]
[Result "1-0"]
[WhiteElo "2350"]
[BlackElo "2355"]
[PlyCount "71"]
[EventDate "1997.??.??"]
[EventType "team"]
[EventRounds "9"]
[EventCountry "ESP"]
[Source "Fruth,M"]
[SourceDate "2003.05.15"]

1. Nf3 Nc6 2. e4 e5 3. Bc4 Nf6 4. d4 exd4 5. O-O Nxe4 6. Re1 d5 7. Bxd5 Qxd5 8.
Nc3 Qh5 9. Nxe4 Be7 10. Bg5 Bg4 11. Bxe7 Bxf3 12. gxf3 Nxe7 13. Qe2 Kf8 14. Ng3
Qc5 15. b4 Qxb4 16. Rab1 Qd6 17. Rxb7 Nd5 18. Rxa7 Rd8 19. Qc4 h5 20. Qxd4 h4
21. Ne4 Qg6+ 22. Kh1 Qf5 23. Nd2 Rh6 24. c4 Rhd6 25. cxd5 Rxd5 26. Qxh4 Kg8 27.
Qe4 Qh3 28. Nf1 Rd4 29. Qe2 R4d6 30. Ra4 Rg6 31. Rg4 Re6 32. Ne3 Rh6 33. Rg2
Rdd6 34. Rd1 Rdg6 35. Ng4 Kh7 36. Rg3 1-0

[Event "Kiev IT"]
[Site "Kiev"]
[Date "1997.??.??"]
[Round "1"]
[White "Golubev, Mihail"]
[Black "Krivoshey, Sergei"]
[Result "1/2-1/2"]
[WhiteElo "2530"]
[BlackElo "2425"]
[PlyCount "25"]
[EventDate "1997.??.??"]
[EventType "tourn"]
[EventRounds "13"]
[EventCountry "UKR"]
[EventCategory "9"]
[Source "Fruth,M"]
[SourceDate "2003.05.15"]

1. e4 e5 2. Nf3 Nc6 3. Bc4 Nf6 4. d4 exd4 5. O-O Nxe4 6. Re1 d5 7. Bxd5 Qxd5 8.
Nc3 Qa5 9. Nxe4 Be6 10. Neg5 O-O-O 11. Nxe6 fxe6 12. Rxe6 Bd6 13. Bg5 1/2-1/2

[Event "Paignton op"]
[Site "Paignton"]
[Date "1997.??.??"]
[Round "?"]
[White "Baker, Chris W"]
[Black "Panczyk, Krzysztof"]
[Result "1-0"]
[WhiteElo "2310"]
[BlackElo "2385"]
[PlyCount "94"]
[EventDate "1997.??.??"]
[EventType "swiss"]
[EventRounds "5"]
[EventCountry "ENG"]
[Source "Fruth,M"]
[SourceDate "2003.05.15"]

1. e4 e5 2. Nf3 Nc6 3. Bc4 Nf6 4. d4 exd4 5. O-O Nxe4 6. Re1 d5 7. Bxd5 Qxd5 8.
Nc3 Qa5 9. Nxe4 Be6 10. Neg5 O-O-O 11. Nxe6 fxe6 12. Rxe6 Qf5 13. Qe2 h6 14.
Bd2 Bd6 15. Qe4 Qxe4 16. Rxe4 Bb4 17. Bxb4 Nxb4 18. c3 dxc3 19. Rxb4 c2 20. Nd4
a5 21. Rc4 b5 22. Rxc2 Rxd4 23. Rac1 Rd7 24. Rc5 Re8 25. Kf1 Rd2 26. Rxc7+ Kb8
27. R7c2 Ree2 28. Rc8+ Kb7 29. R1c7+ Kb6 30. Rc6+ Kb7 31. R8c7+ Kb8 32. Rxg7
Rxf2+ 33. Kg1 Rf8 34. h4 Rxb2 35. Rb6+ Kc8 36. Ra6 Kb8 37. Rxh6 a4 38. h5 Rxa2
39. Rb6+ Kc8 40. h6 Ra1+ 41. Kh2 Rf5 42. h7 Rh5+ 43. Kg3 Rah1 44. Rc6+ Kb8 45.
Rf6 Rc1 46. Rb6+ Kc8 47. Rxb5 Rch1 1-0

[Event "Zagreb op"]
[Site "Zagreb"]
[Date "1997.??.??"]
[Round "9"]
[White "Crepan, Marjan"]
[Black "Krstic, Uros"]
[Result "0-1"]
[WhiteElo "2340"]
[BlackElo "2270"]
[PlyCount "63"]
[EventDate "1997.??.??"]
[EventType "swiss"]
[EventRounds "9"]
[EventCountry "CRO"]
[Source "Fruth,M"]
[SourceDate "2003.05.15"]

1. e4 e5 2. Nf3 Nc6 3. d4 exd4 4. Bc4 Nf6 5. O-O Nxe4 6. Re1 d5 7. Bxd5 Qxd5 8.
Nc3 Qa5 9. Nxe4 Be6 10. Neg5 O-O-O 11. Nxe6 fxe6 12. Rxe6 Bd6 13. Bg5 Rde8 14.
Qe2 Kd7 15. Rxe8 Rxe8 16. Qd3 h6 17. Bh4 g5 18. Bg3 g4 19. Nd2 Bxg3 20. hxg3
Re6 21. a3 Qe5 22. Nb3 b6 23. Rd1 Rd6 24. Nd2 Rd5 25. Ne4 Kc8 26. b4 Kb7 27.
Re1 a6 28. Qd2 Qg7 29. c4 Rd8 30. b5 axb5 31. cxb5 Na5 32. Qd3 0-1

[Event "ROM-ch U18"]
[Site "Alba Iulia"]
[Date "1997.??.??"]
[Round "?"]
[White "Moraru, Marius"]
[Black "Sofronie, Iulian"]
[Result "1/2-1/2"]
[WhiteElo "2290"]
[BlackElo "2415"]
[PlyCount "25"]
[EventDate "1997.07.??"]
[EventType "tourn"]
[EventRounds "9"]
[EventCountry "ROM"]
[EventCategory "6"]
[Source "Fruth,M"]
[SourceDate "2003.05.15"]

1. e4 e5 2. Nf3 Nc6 3. d4 exd4 4. Bc4 Nf6 5. O-O Nxe4 6. Re1 d5 7. Bxd5 Qxd5 8.
Nc3 Qa5 9. Nxe4 Be6 10. Bd2 Bb4 11. Nxd4 Nxd4 12. c3 O-O-O 13. cxb4 1/2-1/2

[Event "YUG-ch Veteran 1 corr T 199799"]
[Site "corr"]
[Date "1998.??.??"]
[Round "2"]
[White "Djuric, Nenad"]
[Black "Kurtovic, Vojislav"]
[Result "1/2-1/2"]
[WhiteElo "2250"]
[BlackElo "2250"]
[PlyCount "35"]
[EventDate "1997.07.15"]
[EventType "tourn (corr)"]
[EventRounds "13"]
[EventCountry "YUG"]
[Source "Fruth,M"]
[SourceDate "2003.05.15"]

1. e4 e5 2. Nf3 Nc6 3. d4 exd4 4. Bc4 Nf6 5. O-O Nxe4 6. Re1 d5 7. Bxd5 Qxd5 8.
Nc3 Qa5 9. Nxe4 Be6 10. Bd2 Qd5 11. Bg5 Bd6 12. Bf6 O-O 13. Nxd6 Qxd6 14. Bxd4
Bg4 15. Bc3 Qxd1 16. Raxd1 Bxf3 17. gxf3 Rad8 18. b3 1/2-1/2

[Event "ISL-ch"]
[Site "Akureyri"]
[Date "1997.09.20"]
[Round "11"]
[White "Thorsteinsson, Arnar"]
[Black "Sigurpalsson, Runar"]
[Result "1/2-1/2"]
[WhiteElo "2285"]
[BlackElo "2275"]
[PlyCount "38"]
[EventDate "1997.09.09"]
[EventType "tourn"]
[EventRounds "11"]
[EventCountry "ISL"]
[EventCategory "5"]
[Source "Fruth,M"]
[SourceDate "2003.05.15"]

1. e4 e5 2. Nf3 Nc6 3. d4 exd4 4. Bc4 Nf6 5. O-O Nxe4 6. Re1 d5 7. Bxd5 Qxd5 8.
Nc3 Qa5 9. Nxe4 Be6 10. Neg5 O-O-O 11. Nxe6 fxe6 12. Rxe6 Bd6 13. Bg5 Rdf8 14.
Qe2 h6 15. Bh4 Qh5 16. Bg3 Bxg3 17. hxg3 Qd5 18. a3 Rd8 19. Rd1 Rd7 1/2-1/2

[Event "Dinamo Cup IT"]
[Site "Brasov"]
[Date "1998.??.??"]
[Round "6"]
[White "Moraru, Marius"]
[Black "Sofronie, Iulian"]
[Result "1/2-1/2"]
[WhiteElo "2375"]
[BlackElo "2405"]
[PlyCount "20"]
[EventDate "1998.03.??"]
[EventType "tourn"]
[EventRounds "11"]
[EventCountry "ROM"]
[EventCategory "8"]
[Source "Fruth,M"]
[SourceDate "2003.05.15"]

1. e4 e5 2. Nf3 Nc6 3. d4 exd4 4. Bc4 Nf6 5. O-O Nxe4 6. Re1 d5 7. Bxd5 Qxd5 8.
Nc3 Qa5 9. Nxe4 Be6 10. Bd2 Qf5 1/2-1/2

[Event "Elista olm"]
[Site "Elista"]
[Date "1998.10.10"]
[Round "11"]
[White "Ovezov, Artek"]
[Black "Kozak, Alexander"]
[Result "1/2-1/2"]
[WhiteElo "2360"]
[BlackElo "2335"]
[PlyCount "70"]
[EventDate "1998.09.??"]
[EventType "team"]
[EventRounds "13"]
[EventCountry "RUS"]
[Source "Fruth,M"]
[SourceDate "2003.05.15"]

1. e4 e5 2. Nf3 Nc6 3. d4 exd4 4. Bc4 Nf6 5. O-O Nxe4 6. Re1 d5 7. Bxd5 Qxd5 8.
Nc3 Qh5 9. Nxe4 Be6 10. Bg5 Bb4 11. Nxd4 Qxd1 12. Rexd1 Nxd4 13. Rxd4 Be7 14.
Re1 Rd8 15. Ra4 a6 16. Bxe7 Kxe7 17. Nc5 Rd5 18. Nxb7 Rb8 19. Rb4 c5 20. Rb6
Rd7 21. Rbxe6+ fxe6 22. Nxc5 Rd6 23. Nb3 Rbd8 24. Kf1 Rd1 25. Ke2 Rxe1+ 26.
Kxe1 Rd5 27. h4 Re5+ 28. Kd2 Rd5+ 29. Ke2 Re5+ 30. Kd2 Rd5+ 31. Ke1 Re5+ 32.
Kd1 Rf5 33. Ke2 Re5+ 34. Kd3 Rf5 35. Ke3 Re5+ 1/2-1/2

[Event "Techirghiol IT"]
[Site "Techirghiol"]
[Date "1998.??.??"]
[Round "?"]
[White "Kabanov, Nikolai"]
[Black "Sofronie, Iulian"]
[Result "1/2-1/2"]
[WhiteElo "2335"]
[BlackElo "2405"]
[PlyCount "60"]
[EventDate "1998.09.??"]
[EventType "tourn"]
[EventRounds "13"]
[EventCountry "ROM"]
[EventCategory "2"]
[Source "Fruth,M"]
[SourceDate "2003.05.15"]

1. e4 e5 2. Nf3 Nc6 3. d4 exd4 4. Bc4 Nf6 5. O-O Nxe4 6. Re1 d5 7. Bxd5 Qxd5 8.
Nc3 Qa5 9. Nxe4 Be6 10. Neg5 O-O-O 11. Nxe6 fxe6 12. Rxe6 Be7 13. Qe2 Bf6 14.
Bf4 Qf5 15. Bg3 d3 16. cxd3 Qxd3 17. Rc1 Qxe2 18. Rxe2 Nb4 19. b3 Nd3 20. Rd1
Rd7 21. Kf1 Rhd8 22. Bh4 Bxh4 23. Nxh4 c5 24. g3 b5 25. f4 Kc7 26. Nf3 h6 27.
Red2 Kb6 28. Ne1 c4 29. Nxd3 cxd3 30. Rc1 g5 1/2-1/2

[Event "Cataluna-chT"]
[Site "ESP"]
[Date "1999.??.??"]
[Round "7"]
[White "Beltran Rueda, Santiago"]
[Black "Lillo Ferrer, Josep Ma"]
[Result "1/2-1/2"]
[WhiteElo "2420"]
[BlackElo "2260"]
[PlyCount "40"]
[EventDate "1999.??.??"]
[EventType "team"]
[EventRounds "9"]
[EventCountry "ESP"]
[Source "Fruth,M"]
[SourceDate "2003.05.15"]

1. e4 e5 2. Nf3 Nc6 3. Bc4 Nf6 4. d4 exd4 5. O-O Nxe4 6. Re1 d5 7. Bxd5 Qxd5 8.
Nc3 Qh5 9. Nxe4 Be6 10. Bg5 Bb4 11. Nxd4 Qxd1 12. Rexd1 Nxd4 13. Rxd4 Be7 14.
Re1 Rd8 15. Ra4 a6 16. h3 Rd5 17. Bxe7 Kxe7 18. Rc4 Kd8 19. Rc3 Re8 20. Nc5 Bc8
1/2-1/2

[Event "POL-ch TT 2"]
[Site "Polanica Zdroj"]
[Date "1999.??.??"]
[Round "4"]
[White "Krogulski, Grzegorz"]
[Black "Toczek, Grzegorz"]
[Result "0-1"]
[WhiteElo "2295"]
[BlackElo "2288"]
[PlyCount "40"]
[EventDate "1999.??.??"]
[EventType "team"]
[EventRounds "10"]
[EventCountry "POL"]
[Source "Fruth,M"]
[SourceDate "2003.05.15"]

1. e4 e5 2. Nf3 Nc6 3. Bc4 Nf6 4. d4 exd4 5. O-O Nxe4 6. Re1 d5 7. Bxd5 Qxd5 8.
Nc3 Qh5 9. Nxe4 Be6 10. Neg5 O-O-O 11. Nxe6 fxe6 12. Bg5 Re8 13. Bf4 Bc5 14.
Be5 Rd8 15. Bxg7 Rhg8 16. Be5 Bb4 17. Bg3 Bxe1 18. Qxe1 Qf5 19. Qe2 e5 20. Nxe5
Nxe5 0-1

[Event "Cseppko op"]
[Site "Aggtelek"]
[Date "1999.07.07"]
[Round "3"]
[White "Hajnal, Zoltan"]
[Black "Berebora, Ferenc"]
[Result "1/2-1/2"]
[WhiteElo "2302"]
[BlackElo "2368"]
[PlyCount "71"]
[EventDate "1999.07.11"]
[EventType "swiss"]
[EventRounds "9"]
[EventCountry "HUN"]
[Source "Fruth,M"]
[SourceDate "2003.05.15"]

1. e4 e5 2. Nf3 Nc6 3. Bc4 Nf6 4. d4 exd4 5. O-O Nxe4 6. Re1 d5 7. Bxd5 Qxd5 8.
Nc3 Qh5 9. Nxe4 Be6 10. Bg5 h6 11. Bf6 Qg6 12. Nh4 Qg4 13. Nd6+ Kd7 14. Qxg4
Bxg4 15. Nxf7 Rg8 16. Bxd4 g5 17. Nf3 Bxf3 18. gxf3 Nxd4 19. Rad1 c5 20. c3 Re8
21. Ne5+ Rxe5 22. Rxe5 Bd6 23. cxd4 Bxe5 24. dxe5+ Ke6 25. Rd6+ Kxe5 26. Rxh6
Kd4 27. Rh7 Rb8 28. Rd7+ Kc4 29. Kf1 a5 30. Ke2 b5 31. Rg7 a4 32. Rxg5 a3 33.
Rg4+ Kd5 34. Rg5+ Kc4 35. Rg4+ Kd5 36. Rg5+ 1/2-1/2

[Event "Reg Gillman Memorial E corr T"]
[Site "BFCC corr"]
[Date "1999.12.01"]
[Round "?"]
[White "Zavanelli, Max E"]
[Black "Canibal, Jaromir"]
[Result "1-0"]
[WhiteElo "2295"]
[BlackElo "2386"]
[PlyCount "93"]
[EventDate "1999.12.01"]
[EventType "tourn"]
[EventRounds "15"]
[EventCountry "ENG"]
[EventCategory "3"]
[Source "Fruth,M"]
[SourceDate "2003.05.15"]

1. e4 e5 2. Bc4 Nf6 3. d4 exd4 4. Nf3 Nc6 5. O-O Nxe4 6. Re1 d5 7. Bxd5 Qxd5 8.
Nc3 Qd8 9. Rxe4+ Be7 10. Nxd4 f5 11. Bh6 fxe4 12. Bxg7 Rf8 13. Qh5+ Rf7 14. Rd1
Bd7 15. Nxc6 bxc6 16. Nxe4 Rb8 17. c4 c5 18. Qxh7 Bf8 19. Re1 Qe7 20. Nf6+ Kd8
21. Rxe7 Rxe7 22. h4 Rxg7 23. Qh8 Ke7 24. Nd5+ Kd6 25. h5 Be6 26. h6 Rf7 27. f4
Kd7 28. h7 Rc8 29. f5 Bxd5 30. Qe5 Bd6 31. Qxd5 Rff8 32. Qe6+ Kc6 33. g4 Rce8
34. Qh6 Kd7 35. f6 Be5 36. g5 Bxb2 37. Kf2 a6 38. Kf3 c6 39. Kg4 Bd4 40. Kf5
Bc3 41. Kg6 Kd6 42. Qg7 a5 43. Qh6 Be5 44. Kf5 Bd4 45. f7+ Kc7 46. g6 Kd7 47.
Kg4 1-0

[Event "Prague Bohemians CSOB Cup IT"]
[Site "Prague"]
[Date "2000.??.??"]
[Round "7"]
[White "Zvara, Petr"]
[Black "Talla, Vladimir"]
[Result "1/2-1/2"]
[WhiteElo "2359"]
[BlackElo "2375"]
[PlyCount "96"]
[EventDate "2000.??.??"]
[EventType "tourn"]
[EventRounds "11"]
[EventCountry "CZE"]
[EventCategory "3"]
[Source "Fruth,M"]
[SourceDate "2003.05.15"]

1. e4 e5 2. Nf3 Nc6 3. Bc4 Nf6 4. d4 exd4 5. O-O Nxe4 6. Re1 d5 7. Bxd5 Qxd5 8.
Nc3 Qa5 9. Nxe4 Be6 10. Bd2 Bb4 11. Nxd4 Nxd4 12. c3 O-O 13. cxb4 Qd5 14. Rc1
b6 15. Rc3 Bf5 16. Ng3 Bg6 17. Be3 c5 18. bxc5 bxc5 19. b3 Rfd8 20. h4 f6 21.
h5 Be8 22. Qg4 Bd7 23. Qe4 Bb5 24. Qxd5+ Rxd5 25. Rec1 Ne2+ 26. Nxe2 Bxe2 27.
Rxc5 Rxc5 28. Rxc5 h6 29. f3 Rd8 30. Kf2 Bd3 31. Rc3 a6 32. Bb6 Rd6 33. Rc8+
Kf7 34. Bc5 Rd7 35. g4 f5 36. Ke3 fxg4 37. fxg4 Bb1 38. a3 Bc2 39. b4 Ba4 40.
Kf4 Ke6 41. Re8+ Kf7 42. Ra8 Bb5 43. Ke5 g6 44. a4 Be2 45. g5 gxh5 46. gxh6 Kg6
47. Rg8+ Kxh6 48. Ke6 Bc4+ 1/2-1/2